№ 8; Машиностроитель

Podrobná bibliografie
Parent link:Машиностроитель: научно-технический журнал. № 8.— , 1931-1941, 1957-.— 0025-4568
Jazyk:ruština
Vydáno: 1974
Médium: MixedMaterials Kniha
KOHA link:https://koha.lib.tpu.ru/cgi-bin/koha/opac-detail.pl?biblionumber=489827

MARC

LEADER 00000nam2a2200000 4500
001 489827
005 20231101095609.0
035 |a (RuTPU)RU\TPU\prd\158704 
035 |a RU\TPU\prd\158703 
090 |a 489827 
100 |a 20121113a19749999k y0rusy50 ca 
101 0 |a rus 
102 |a RU 
200 0 |a № 8 
210 |d 1974 
461 1 |0 (RuTPU)RU\TPU\prd\1621  |x 0025-4568  |t Машиностроитель  |o научно-технический журнал  |v № 8  |d 1931-1941, 1957- 
801 0 |a RU  |b 63413507  |c 20010227  |g PSBO 
801 1 |a RU  |b 63413507  |c 20120215 
801 2 |a RU  |b 63413507  |c 20121113  |g RCR 
942 |c BK 
999 |a НТБ_ТПУ  |b НФ  |e -4/20120110  |p П-3086  |u 0,00  |v 1